| 000 | 00902nam a2200253 i 4500 | ||
|---|---|---|---|
| 001 | 6045 | ||
| 003 | ES-MaACL | ||
| 005 | 20250826042743.0 | ||
| 007 | t| | ||
| 008 | 890706s1988 sp ||||1| spa d | ||
| 020 | _a84-7088-474-3 | ||
| 080 | _a352.075 | ||
| 245 | 0 | 3 |
_aLa Fe pública local / _ccoordinación, Julio Castelao Rodríguez. |
| 260 |
_aMadrid : _bInstituto Nacional de Administracion Publica, _c1988. |
||
| 300 |
_a164 p. ; _c23 cm. |
||
| 490 | 1 | _aActas y crónicas. Administraciones territoriales | |
| 650 | 1 | 4 |
_aFe pública- _zEspaña. _912735 |
| 650 | 1 | 4 |
_aAdministración local- _zEspaña. _99633 |
| 700 | 1 |
_aCastelao Rodríguez, Julio. _936478 |
|
| 710 | 2 |
_aInstituto Nacional de Administración Pública (España) _95139 |
|
| 830 | 0 |
_aActas y crónicas. Administraciones territoriales _9227754 |
|
| 852 |
_aES-MaACL _jL-11330 _bR.116661 _z. - rust. |
||
| 999 |
_c6045 _d6045 |
||